Berühmteste Personen A-Z - Statistiken

Allgemein
  • Dieses Quiz wurde 479 mal gespielt
  • Das Durchschnittsergebnis liegt bei 12 aus 26
Antwortstatistiken
# Platz Lebensdaten Geburtsland Beruf Person % Korrekt
E 18 1879-1955 Deutschland Physiker Albert Einstein
90%
B 6 1770-1827 Deutschland Komponist, Pianist Ludwig van Beethoven
89%
H 13 1889-1945 Österreich Diktator Adolf Hitler
86%
M 1 570-632 Saudi-Arabien Prophet Mohammed
82%
J 4 4 v.Chr.-33 n.Chr. Israel Wanderprediger Jesus
77%
N 2 1643-1727 Vereinigtes Königreich Physiker, Astronom Isaac Newton
75%
K 14 1451-1506 Italien Entdecker Christoph Kolumbus
74%
A 7 384-322 v.Chr. Griechenland Philosoph, Naturforscher Aristoteles
73%
L 32 1483-1546 Deutschland Theologe Martin Luther
63%
D 3 1162-1227 Mongolei Monarch Dschingis Khan
61%
T 17 * 1946 Vereinigte Staaten Politiker, Präsident Donald Trump
60%
S 12 469-399 v.Chr. Griechenland Philosoph Sokrates
59%
G 10 1564-1642 Italien Astronom, Physiker Galileo Galilei
57%
V 5 1452-1519 Italien Künstler, Ingenieur Leonardo da Vinci
56%
P 8 428-348 v.Chr. Griechenland Philosoph Platon
46%
C 52 1810-1849 Frankreich Musiker Frédéric Chopin
36%
W 147 1736-1819 Vereinigtes Königreich Erfinder, Chemiker James Watt
23%
I 29 100-44 v.Chr. Italien Politiker Gaius Iulius Caesar
22%
Q 158 258-210 v.Chr. China Monarch Qin Shihuangdi
16%
R 63 1712-1778 Schweiz Philosoph, Naturforscher Jean-Jacques Rousseau
10%
Z 341 2. Jahrtausend v.Chr. Iran Priester, Philosoph Zarathustra
8%
F 183 1182-1226 Italien Theologe Franz von Assisi
7%
O 146 1254-1327 Türkei Monarch Osman I.
7%
X 538 519-475 v.Chr. Iran Monarch Xerxes I.
4%
Y 1024 1937-2004 Israel Theologe, Terrorist Ahmad Yasin
1%
U 148 592-644 Saudi-Arabien Monarch Umar
1%
Keine übereinstimmenden Quizze gefunden
Verteilung der Resultate
Anzahl Personen mit jedem Resultat
Perzentil nach korrekt beantworteten Fragen
Ihre Resultats-Entwicklung
Sie haben dieses Quiz noch nicht gespielt